00913nam a2200253 a 4500001000900000005001700009008004100026041000800067044000700075050002200082245011000104260003500214300004600249500001100295500004000306650003200346650003700378651004400415700004300459902000800502942001100510999001700521952012100538BRL_134320190320211146.0150114s1978----mx-aob####---#000-0#eng-# aeng amx 4aGT4814b.F54 197810aFiestas in Mexicobcomplete guide to celebrations throughout the countrycphotographs by Ruth D. Lechuga. aMéxicobEdiciones Larac1978 a198 p.bil., fotografías, mapasc20 cm. aAu1759 aEstado físico: Hojas desprendidas14aFestivaleszMéxico92658514aDías festivoszMéxico926586 4aMéxicoxVida social y costumbres97691 aLechuga, Ruth D.d1920-2004eil.92443 aGRL 2lcccB c10155d10155 00104070aBRLbBRLd2014-01-07iAu1759l0oGT4814 .F54 1978 (Au1759)pGRL01501r2019-03-22 00:00:00w2019-03-22yB